Podnikateľské stratégie - pojmy, východiská a súvislosti.
Formulovanie obsahu a zamerania podnikania - jadro podnikateľskej stratégie. Trhová segmentácia - podnik rozčlení trh na skupiny spotrebiteľov, ktoré sa od seba odlišujú potrebami alebo preferenciami. Motívom je získanie konkurenčnej výhody. Konkurenčné stratégie: 1. stratégia nákladového vodcovstva...
Enregistré dans:
| Auteur principal: | |
|---|---|
| Format: | Chapitre de livre |
| Langue: | slovaque |
| Sujets: | |
| Tags: |
Pas de tags, Soyez le premier à ajouter un tag!
|
MARC
| LEADER | 00000naa a2200000 4500 | ||
|---|---|---|---|
| 001 | r013490 | ||
| 005 | 20240502071326.2 | ||
| 041 | 0 | |a slo | |
| 044 | |a SK | ||
| 245 | 1 | 0 | |a Podnikateľské stratégie - pojmy, východiská a súvislosti. |c Štefan Slávik |
| 520 | |a Formulovanie obsahu a zamerania podnikania - jadro podnikateľskej stratégie. Trhová segmentácia - podnik rozčlení trh na skupiny spotrebiteľov, ktoré sa od seba odlišujú potrebami alebo preferenciami. Motívom je získanie konkurenčnej výhody. Konkurenčné stratégie: 1. stratégia nákladového vodcovstva, 2. diferenciačná stratégia, 3. špecializačná stratégia. | ||
| 610 | 2 | 0 | |a podnikanie |
| 610 | 2 | 0 | |a stratégia podniková |
| 610 | 2 | 0 | |a konkurencia |
| 610 | 2 | 0 | |a spotrebitelia |
| 610 | 2 | 0 | |a trh kupujúceho |
| 100 | 1 | |a Slávik, Štefan, 1955- | |